|
|
|
|
| LEADER |
00000nam0a2200000 4500 |
| 001 |
244577 |
| 005 |
20231101232047.0 |
| 010 |
|
|
|a 5090009279
|
| 020 |
|
|
|a RU
|b 90-14844
|
| 035 |
|
|
|a (RuTPU)RU\TPU\book\265965
|
| 090 |
|
|
|a 244577
|
| 100 |
|
|
|a 20131024d1990 m a0rusy5003 ca
|
| 101 |
0 |
|
|a rus
|
| 102 |
|
|
|a RU
|
| 105 |
|
|
|a a j 001zy
|
| 200 |
1 |
|
|a Курс теоретической физики. Классическая электродинамика
|e учебное пособие
|f В. В. Мултановский, А. С. Василевский
|
| 210 |
|
|
|a Москва
|c Просвещение
|d 1990
|
| 215 |
|
|
|a 270,[1] с.
|c ил.
|d 22 см
|
| 225 |
1 |
|
|a Учебное пособие для педагогических институтов
|
| 320 |
|
|
|a Библиогр.: с. 265-266 (18 назв.)
|
| 606 |
1 |
|
|a Электродинамика
|2 stltpush
|3 (RuTPU)RU\TPU\subj\19944
|9 45105
|
| 610 |
1 |
|
|a учебные пособия
|
| 610 |
1 |
|
|a теоретическая физика
|
| 610 |
1 |
|
|a электромагнитное поле
|
| 610 |
1 |
|
|a импульсы
|
| 610 |
1 |
|
|a стационарное электромагнитное поле
|
| 610 |
1 |
|
|a излучение
|
| 610 |
1 |
|
|a преобразование
|
| 610 |
1 |
|
|a уравнения
|
| 610 |
1 |
|
|a электростатика
|
| 610 |
1 |
|
|a постоянный электрический ток
|
| 610 |
1 |
|
|a электромагнитные волны
|
| 675 |
|
|
|a 537.8(075.8)
|z rus
|
| 700 |
|
1 |
|a Мултановский
|b В. В.
|4 070
|
| 701 |
|
1 |
|a Василевский
|b А. С.
|4 070
|
| 801 |
|
0 |
|a RU
|b RuMRKP
|c 19950417
|g psbo
|
| 801 |
|
1 |
|a RU
|b 63413507
|c 20131024
|
| 801 |
|
2 |
|a RU
|b 63413507
|c 20131025
|g RCR
|
| 942 |
|
|
|c BK
|